| 000 | 00586nam a22001695i 4500 | ||
|---|---|---|---|
| 001 | 54853 | ||
| 003 | ES-MaACL | ||
| 005 | 20230906163032.0 | ||
| 007 | t| | ||
| 008 | 960529s1897 sp af ||||1| spa d | ||
| 040 |
_aCARM _bspa _cCCPB | SIC |
||
| 100 | 1 |
_aGallego García, Tesifonte. _953567 |
|
| 245 | 1 | 3 |
_aLa insurreción cubana _b: cronicas de la campaña. _n, . I, _pPreparación de la guerra / _cTesifonte Gallego. |
| 260 |
_aMadrid : _b[s.n.], _c1897 ( _fImprenta Central de los Ferrocarriles) |
||
| 300 |
_a259 p., [1] h. de lám. : _bil. ; _c25 cm. |
||
| 852 |
_aES-MaACL _jF-7735 |
||
| 999 |
_c54853 _d54853 |
||